000 00568nam a2200241 a 4500
001 nice12345678
003 IN_TiNIC
005 20260116011643.0
008 050524s1906 alia grp 000 0 urd
020 _a
_c100
082 0 0 _a297.5
_bAHM
100 _aAhmad, Anees
245 _aKaleed-E-Quran
260 _aAligarh
_bAligarh Muslim University
_c1906
300 _a117p
500 _aincludes index and biblioraphy
505 2 _aIndex
650 _aIslam-Moral Theology
700 1 _aAhmad, Anees
902 _bSRS
942 _cBK
999 _c3161
_d3161